Sociología militante y tareas actuales ante la reacción fascista en la enseñanza superior
שמור ב:
| מחבר ראשי: | |
|---|---|
| פורמט: | Texto |
| יצא לאור: |
Quito :
|
| תגים: |
הוספת תג
אין תגיות, היה/י הראשונ/ה לתייג את הרשומה!
|
MARC
| LEADER | 00000 a a2200000 04500 | ||
|---|---|---|---|
| 001 | 16160 | ||
| 003 | |||
| 040 | |||
| 090 | |a 012800 | ||
| 100 | |a Godio, Julio | ||
| 245 | |a Sociología militante y tareas actuales ante la reacción fascista en la enseñanza superior | ||
| 260 | |a Quito : | ||
| 300 | |a 16 p. | ||
| 999 | |c 13633 |d 13633 | ||
